000 00735nam a22002177a 4500
999 _c4986
_d4986
003 AR-CdUCM
008 190311b ||||| |||| 00| 0 spa d
040 _aMUNICIPALIDAD PROVINCIAL DEL CUSCO
_cBIBLIOTECA MUNICIPAL DEL CUSCO
082 _a954 /
_bD71
100 _aDimitriu, Constantino
_915268
245 _aBreve Historia de la India
260 _aBuenos Aires :
_bCientífica Argentina,
300 _a126 páginas ;
_bIlustraciones,
_c17 cm.
505 _aReseña geográfica -- La India antigua -- La India medieval -- Los Europeos en la India
650 _aIndia
_92692
650 _aHistoria
_9246
650 _aAsia
_93888
700 _aPresentación por: Ajai Kumar Mitra
_915269
942 _2ddc
_cLIBROS
945 _admma